000 00793nam a2200217Ii 4500
003 JO-AjNU
008 230605s9999||||xx |||||||||||||| ||und||
017 _a1991/5631
040 _aJO-AjNU
_bara
_erda
_cJO-AjNU
041 _aara
050 1 4 _aHF5415.13 .A2845. 1991
100 3 _aابو اسماعيل،فؤاد,
_eauthor
_932560
245 0 0 _aإدارة التسويق : المفاهيم، التطبيق، تطوير الأداء
264 3 1 _aالقاهرة:دار النهضة العربية؛1991
300 _a576ص
_bيحتوي على ببلوغرافية من ص570-576ص
336 _atext
_btxt
_2rdacontent
337 _aunmediated
_bn
_2rdamedia
338 _avolume
_bnc
_2rdacarrier
490 0 _aمراجع الادارة
650 4 _aإدارة التسويق 
_932561
999 _aA13160
_c16728
_d16728